000 00719nam a2200241 i 4500
001 C2-0264193
003 PPAK
005 20180727232727.0
008 050411s2004 my |||| ||||| | eng d
020 _a9832870518
040 _aPPAK
_beng
_cPPAK
_erda
082 0 4 _a338.040959522
_223
090 0 0 _a338.040959522
_bJUH
_dG
100 0 _aJuhary Haji Ali,
_eauthor
245 1 0 _aNothings to hide :
_bcases in entrepreneuship in Malaysia
264 1 _aSintok, Kedah :
_bPenerbit Universiti Utara Malaysia ,
_c2004
300 _avii, 111 pages ;
_c25 cm
336 _2rdacontent
_atext
337 _2rdamedia
_aunmediated
338 _2rdacarrier
_avolume
650 1 0 _aEntrepreneurship - Sarawak.
942 _ddc
_cB
999 _c74213
_d74213